Razón y ser de los sectores populares de la sociedad civil Centroamericana /
Uloženo v:
| Hlavní autor: | |
|---|---|
| Další autoři: | |
| Médium: | Text |
| Tagy: |
Přidat tag
Žádné tagy, Buďte první, kdo vytvoří štítek k tomuto záznamu!
|
MARC
| LEADER | 00000 a a2200000 04500 | ||
|---|---|---|---|
| 001 | 43985 | ||
| 003 | |||
| 040 | |||
| 100 | |a Campos Cerdas, Wilson | ||
| 245 | |a Razón y ser de los sectores populares de la sociedad civil Centroamericana / |c Wilson Campos Cerdas, Carlos Hernández Porras | ||
| 700 | |a Hernández Porras, Carlos | ||
| 773 | |g páginas 27-48 | ||
| 999 | |c 29938 |d 29938 | ||
